Notturno : vita e morte di mio fratello /

I tiakina i:
Ngā taipitopito rārangi puna kōrero
Kaituhi matua: Humphreys, Helen
Ētahi atu kaituhi: Viola, Fabio, (1975- )
Hōputu: Pukapuka
Reo:Itāriana
I whakaputaina: Roma : Playground, 2013
Rangatū:Playground
Ngā Tūtohu: Tāpirihia he Tūtohu
Kāore He Tūtohu, Me noho koe te mea tuatahi ki te tūtohu i tēnei pūkete!

MARC

LEADER 00000nam a22000007i 4500
001 IT\ICCU\UBO\3999063
003 ItRI
005 20260115232151.0
008 130320s2013 it |||||| ||||| |||||c
020 |a 9788889113707 
040 |b ita  |c importazione bologna sebina 
041 7 |a ita  |2 ISO-639-2 
082 |a 823.914  |9 Narrativa inglese. 1945-  |2 20 
100 1 |a Humphreys, Helen  |0 IT\ICCU\LO1V\183451 
240 1 0 |a Nocturne.  |3 IT\ICCU\UBO\3999068  |9 Humphreys, Helen 
245 1 0 |a Notturno :  |b vita e morte di mio fratello /  |c Helen Humphreys ; traduzione di Fabio Viola. 
260 |a Roma :  |b Playground,  |c 2013 
300 |a 185 p. ;  |c 20 cm 
700 1 |a Viola, Fabio,  |d  (1975- )  |0 IT\ICCU\RMBV\194186 
830 0 |a Playground  |0 IT\ICCU\CFI\0739302 
942 |2 ddc  |c BK  |n 0 
952 |0 0  |1 0  |4 0  |6 L_813_600000000000000_HUM  |7 0  |9 21300  |a BO  |b BO  |d 2026-01-15  |i 18974  |l 0  |o L 813.6 HUM  |p BO18974  |r 2026-01-15 23:21:51  |w 2026-01-15  |x [Sebina 5] [1 v.]  |y BK  |z 1 v. 
999 |c 18197  |d 18197